000 00505nmm a2200169Ia 4500
008 251105s9999||||xx |||||||||||||||||und||
020 _a9789562829922
041 _aspa
100 _aSilva A., Bárbara
245 0 _aIdentidad y nación entre dos siglos
264 _a[Santiago de Chile, Chile] :
_bLOM Ediciones,
_c2008
300 _a200 páginas
490 _aHistoria
650 _aHistory of the Americas: Latin America
856 _uhttps://public.digitaliapublishing.com/a/13257
942 _cCF
999 _c94349
_d94349